| 000 | 00949nac a22002411u 4500 | ||
|---|---|---|---|
| 010 | _a 2004116044 | ||
| 020 | _a0131428950 | ||
| 082 | 0 | 0 |
_a658.812 _bGUP |
| 090 |
_c6408 _d6408 |
||
| 100 | _aGupta, Sunil, | ||
| 245 | 1 | 0 |
_aManaging customers as investments : _bthe strategic value of customers in the long run / _cSunil Gupta, Donald R. Lehmann. |
| 260 |
_aUpper Saddle River, NJ : _bWharton School Pub.,c2005. _cc2005. |
||
| 300 |
_axvii, 205 p. : _bill. ; _c24 cm. |
||
| 500 | _aDistributer: Al-Ahram. | ||
| 504 | _aIncludes bibliographical references (p. 187-198) and index. | ||
| 511 | _aCatalogued By: Mahitab. | ||
| 650 | 0 | _aRelationship marketing. | |
| 650 | 0 | _aCustomer relations. | |
| 650 | 0 |
_aMarketing _xManagement. |
|
| 700 | 1 | _aLehmann, Donald R. | |
| 942 |
_cBB _k658.812GUP |
||
| 999 |
_c6408 _d6408 |
||